000 00576cam a22001935a 4500
001 L156007
008 120424s1820 xxk f 000 0 eng d
035 _a(Sirsi) u156007
041 0 _aeng
100 1 _aMcAdam, John Loudon
245 0 0 _aRemarks on the present system of road making, with observations
250 _a3rd ed.
260 _aLondon
_bLongman, Hurst, Rees, Orme and Brown
_c1820
300 _a196 p.
_c22 cm.
583 _aCondition reviewed
_c20120620
_lcondition level 1
651 4 _aGreat Britain
_y1707-
690 _aInfrastructure
_96246
942 _n0
999 _c113974
_d113974